000 01823nam a2200253Ia 4500
008 220216s9999 xx 000 0 und d
100 _aAhmad Faiz M A
245 0 _aEfficacy of glyphosate and its mixtures against weeds under young rubber forest plantation
260 _bJournal of Rubber Research
_c2006
300 _a50-60
520 _aWeed infestation is a major problem during the early stages of establishment of rubber forest plantation. Currently, information on effective weed control system in young rubber forest plantation is limited. As the rubber forest plantation is often located in remote areas, a weed control system which provides longer duration of weed control is preferred. Trials were conducted to determine effective rates of glyphosate isopropylamine and its mixtures against mixed weeds. Glyphosate isopropylamine at 1.08 kg ae/ha mixed with metsulfuron methyl (0.03 kg ai/ha), fluroxypyr (0.3 kg ae/ha), dicamba (0.6 kg ae/ha) or premixed picloram + 2,4-D(0.097 kg ae/ha + 0.36 kg ae/ha) were effective. Glufosinate ammonium at 0.9 kg ae/ha gave shorter duration of control against mixed weeds compared to glyphosate (1.08 kg ae/ha) + metsulfuron methyl (0.03 kg ai/ha). Glyphosate isopropylamine (1.08 kg ae/ha) + metsulfuron methyl (0.03 kg ai/ha) at two or four rounds per year provided more effective weed control than slashing. Slashing at two or four rounds was ineffective and at two rounds per year gave rise to serious weed regeneration.
650 _a2,4-D
650 _aDicamba
650 _aFluroxypyr
650 _aGlyphosate isopropylamine mixtures
650 _aMetsulfuron methyl
650 _aMixed weeds
650 _aPicloram
650 _aRubber forest plantation
650 _aSlashing
650 _aWeed control
650 _aYoung rubber
942 _cJS
999 _c58409
_d58409